Гайана: выбор пути: сборник статей

Chi tiết về thư mục
Tác giả của công ty: Академия наук СССР (АН СССР) Институт Латинской Америки (ИЛА)
Tác giả khác: Бекаревич А. Д. Анатолий Данилович (редактор)
Tóm tắt:Исключено из фонда НТБ ТПУ
Ngôn ngữ:Tiếng Nga
Được phát hành: Москва, ИЛА, 1989
Định dạng: MixedMaterials Sách
KOHA link:https://koha.lib.tpu.ru/cgi-bin/koha/opac-detail.pl?biblionumber=207747

MARC

LEADER 00000nam0a2200000 4500
001 207747
005 20231031191240.0
020 |a RU  |b 89-60405 
035 |a (RuTPU)RU\TPU\book\226698 
035 |a RU\TPU\book\226696 
090 |a 207747 
100 |a 20120127d1989 km y0rusy5003 ca 
101 0 |a rus 
102 |a RU 
105 |a y z 001zy 
200 1 |a Гайана: выбор пути  |e сборник статей  |f Академия наук СССР (АН СССР), Институт Латинской Америки (ИЛА) ; под ред. А. Д. Бекаревича 
210 |a Москва  |c ИЛА  |d 1989 
215 |a 176 с. 
333 |a Исключено из фонда НТБ ТПУ 
702 1 |a Бекаревич  |b А. Д.  |g Анатолий Данилович  |4 340 
712 0 2 |a Академия наук СССР (АН СССР)  |b Институт Латинской Америки (ИЛА) 
801 0 |a RU  |b RuMRKP  |c 19960704  |g psbo 
801 1 |a RU  |b 63413507  |c 20120127 
801 2 |a RU  |b 63413507  |c 20220408  |g RCR 
942 |c BK